[Event "COL-ch Superate A"]
[Site "Bogota"]
[Date "2016.11.05"]
[Round "8.5"]
[White "Chisco, Juan Esteban"]
[Black "Castano Orrego, Simon"]
[Result "1-0"]
[WhiteElo "1550"]
[BlackElo "1630"]
[PlyCount "31"]
[EventDate "2016.11.05"]
[EventType "swiss (blitz)"]
[EventRounds "10"]
[EventCountry "COL"]
[SourceTitle "EXT 2024"]
[Source "ChessBase"]
[SourceDate "2023.10.10"]
[SourceVersion "1"]
[SourceVersionDate "2023.10.10"]
[SourceQuality "1"]

1. e4 c5 2. Nf3 d6 3. d3 Nc6 4. c3 Nf6 5. g3 b6 6. Bg2 Bb7 7. 0-0 Qc7 8. Nbd2 g6 9. Re1 Bg7 10. Nf1 0-0 11. h4 h5 12. N1h2 d5 13. e5 Ng4 14. Bf4 d4 15. e6 Qd7 16. exd7 1-0

[Event "COL-ch Superate A"]
[Site "Bogota"]
[Date "2016.11.04"]
[Round "3.4"]
[White "Sabogal Varela, Jose Joaquin"]
[Black "Chisco, Juan Esteban"]
[Result "1-0"]
[WhiteElo "1696"]
[BlackElo "1380"]
[PlyCount "86"]
[EventDate "2016.11.04"]
[EventType "swiss (rapid)"]
[EventRounds "5"]
[EventCountry "COL"]
[SourceTitle "EXT 2024"]
[Source "ChessBase"]
[SourceDate "2023.10.10"]
[SourceVersion "1"]
[SourceVersionDate "2023.10.10"]
[SourceQuality "1"]

1. d4 Nf6 2. c4 g6 3. Nc3 Bg7 4. e4 d6 5. Nf3 c6 6. Be2 Nbd7 7. Bg5 0-0 8. Qd2 Qc7 9. 0-0 a6 10. Bh6 e5 11. Bxg7 Kxg7 12. h3 exd4 13. Nxd4 Nc5 14. Qe3 Re8 15. f3 d5 16. b4 Ncd7 17. Qg5 dxe4 18. fxe4 Qe5 19. Qxe5 Rxe5 20. Nf3 Re8 21. Bd3 h6 22. Bc2 Nb6 23. c5 Nc4 24. Rae1 Ne5 25. Rd1 Nc4 26. Rde1 Ne5 27. Rd1 Nc4 28. Rfe1 Ne5 29. Nxe5 Rxe5 30. Rd8 Re8 31. Rxe8 Nxe8 32. Bb3 Be6 33. Bxe6 fxe6 34. Rd1 Nf6 35. Rd6 Re8 36. e5 Ng8 37. Ne4 Re7 38. Rd8 Rc7 39. Nd6 Ne7 40. Rb8 Nd5 41. a3 Ne3 42. Ne8+ Kf7 43. Nxc7 Nc2 1-0

[Event "COL-ch Superate fin-A"]
[Site "Bogota"]
[Date "2016.11.02"]
[Round "2.1"]
[White "Chisco, Juan Esteban"]
[Black "Corredor Castellanos, Camilo"]
[Result "0-1"]
[WhiteElo "1413"]
[BlackElo "2056"]
[PlyCount "62"]
[EventDate "2016.11.02"]
[EventType "swiss"]
[EventRounds "5"]
[EventCountry "COL"]
[SourceTitle "EXT 2024"]
[Source "ChessBase"]
[SourceDate "2023.10.10"]
[SourceVersion "1"]
[SourceVersionDate "2023.10.10"]
[SourceQuality "1"]

1. e4 c5 2. Nf3 e6 3. d3 Nc6 4. c3 d5 5. e5 b6 6. g3 Nge7 7. Bg5 Qc7 8. Bf4 h6 9. h4 Ng6 10. Qd2 Ba6 11. Be2 Be7 12. 0-0 0-0 13. Kg2 Rac8 14. h5 Nxf4+ 15. Qxf4 f6 16. Qg4 Qd7 17. exf6 Rxf6 18. Nh4 Ne5 19. Qh3 Rcf8 20. f4 Bxd3 21. Bxd3 Nxd3 22. b3 d4 23. Rd1 Qd5+ 24. Nf3 Rxf4 25. Rxd3 Rxf3 26. Rxf3 Qxf3+ 27. Kh2 Qe2+ 28. Kg1 Qe1+ 29. Kh2 Rf2+ 30. Qg2 Rxg2+ 31. Kxg2 Bd6 0-1

[Event "Manizales Castro Memorial"]
[Site "Manizales"]
[Date "2015.12.18"]
[Round "3"]
[White "Manrique, Jose Liberty"]
[Black "Chisco, Juan Esteban"]
[Result "1/2-1/2"]
[WhiteElo "1571"]
[BlackElo "1336"]
[PlyCount "22"]
[EventDate "2015.12.17"]
[EventType "swiss"]
[EventRounds "7"]
[EventCountry "COL"]
[SourceTitle "CBM 170 Extra"]
[Source "ChessBase"]
[SourceDate "2016.02.25"]
[SourceVersion "1"]
[SourceVersionDate "2016.02.25"]
[SourceQuality "1"]

1. e4 e5 2. c3 d6 3. Nf3 Bg4 4. d4 exd4 5. cxd4 Bxf3 6. Qxf3 Qf6 7. Qxf6 gxf6 8. e5 dxe5 9. dxe5 fxe5 10. Bb5+ c6 11. Bc4 Bg7 1/2-1/2

[Event "Villamaria Nacional U2200"]
[Site "Villamaria"]
[Date "2015.12.06"]
[Round "7.11"]
[White "Zuluaga, Nicolas"]
[Black "Chisco, Juan Esteban"]
[Result "0-1"]
[WhiteElo "1772"]
[BlackElo "1336"]
[PlyCount "60"]
[EventDate "2015.12.04"]
[EventType "swiss"]
[EventRounds "7"]
[EventCountry "COL"]
[SourceTitle "EXT 2024"]
[Source "ChessBase"]
[SourceDate "2023.10.10"]
[SourceVersion "1"]
[SourceVersionDate "2023.10.10"]
[SourceQuality "1"]

1. e4 e5 2. Nf3 Nc6 3. d4 exd4 4. Nxd4 Nxd4 5. Qxd4 d6 6. Bc4 Nf6 7. Bg5 Be7 8. Nc3 0-0 9. 0-0-0 c6 10. Bxf6 Bxf6 11. Qxd6 Qb6 12. Qg3 Qc5 13. Bb3 b5 14. Rd3 a5 15. a3 b4 16. Na4 Qb5 17. Qd6 bxa3 18. bxa3 Qg5+ 19. Kb1 Qxg2 20. Rhd1 Qxf2 21. Nb6 Qxb6 22. Rg3 Qd8 23. e5 Qxd6 24. exd6 Rd8 25. Ba4 Rb8+ 26. Kc1 Bb2+ 27. Kb1 Be5+ 28. Rb3 Rxb3+ 29. cxb3 Rxd6 30. Rxd6 Bxd6 0-1

[Event "COL-ch Superate A"]
[Site "Colombia"]
[Date "2015.10.18"]
[Round "8.8"]
[White "Barliza Hernandez, Alejandro Seg"]
[Black "Chisco, Juan Esteban"]
[Result "0-1"]
[WhiteElo "1522"]
[BlackElo "1531"]
[PlyCount "74"]
[EventDate "2015.10.18"]
[EventType "swiss (blitz)"]
[EventRounds "12"]
[EventCountry "COL"]
[SourceTitle "EXT 2024"]
[Source "ChessBase"]
[SourceDate "2023.10.10"]
[SourceVersion "1"]
[SourceVersionDate "2023.10.10"]
[SourceQuality "1"]

1. e4 c5 2. Nf3 a6 3. d4 cxd4 4. Nxd4 e6 5. Nc3 Qc7 6. Be3 b5 7. Be2 Bb7 8. f3 d6 9. 0-0 Nd7 10. Qd2 Be7 11. b3 Rc8 12. Nd1 e5 13. Nf5 Qxc2 14. Qxc2 Rxc2 15. Rf2 g6 16. Nxe7 Nxe7 17. Bg5 f6 18. Bh6 Kf7 19. Bc1 Rhc8 20. Ba3 Rd2 21. Ne3 Nc6 22. b4 Nd4 23. Kf1 Nxe2 24. Rxe2 Rd3 25. Nc2 Rdc3 26. Rc1 Rxa3 27. Nxa3 Rxc1+ 28. Kf2 Rc3 29. Nb1 Rc7 30. Rd2 Ke7 31. Kg3 Nb6 32. h4 Nc4 33. Rc2 Kd7 34. f4 Ne3 35. Rxc7+ Kxc7 36. Nd2 exf4+ 37. Kxf4 Nxg2+ 0-1

[Event "Bogota Superate Cat A Avanzado"]
[Site "Bogota"]
[Date "2015.10.16"]
[Round "1.3"]
[White "Ribero, Guillermo Andres"]
[Black "Chisco, Juan Esteban"]
[Result "1-0"]
[WhiteElo "1820"]
[BlackElo "1362"]
[PlyCount "77"]
[EventDate "2015.10.16"]
[EventType "swiss"]
[EventRounds "5"]
[EventCountry "COL"]
[SourceTitle "EXT 2024"]
[Source "ChessBase"]
[SourceDate "2023.10.10"]
[SourceVersion "1"]
[SourceVersionDate "2023.10.10"]
[SourceQuality "1"]

1. e4 e5 2. Nf3 Nc6 3. d4 exd4 4. Nxd4 Nxd4 5. Qxd4 d6 6. Bc4 Nf6 7. Bg5 Be7 8. Nc3 c6 9. 0-0-0 Qc7 10. Kb1 0-0 11. Bxf6 Bxf6 12. Qxd6 Qb6 13. Na4 Qxf2 14. Rhf1 Qh4 15. Nc3 Bg4 16. Rde1 Rad8 17. Qf4 Bg5 18. Qf2 Qxf2 19. Rxf2 Bd2 20. Ref1 Be6 21. Bxe6 fxe6 22. Rxf8+ Rxf8 23. Rxf8+ Kxf8 24. Na4 Ke7 25. Nc5 b6 26. Nd3 Kf6 27. c4 c5 28. Kc2 Be3 29. Kd1 g5 30. g4 Bd4 31. Kc2 a5 32. Kb3 Be5 33. h3 Bc7 34. Ka4 Kg6 35. Kb5 Kf6 36. Ka4 Kg6 37. Kb5 Kf7 38. Kc6 Bd8 39. Kd7 1-0

[Event "Antioquia Region-ch U16 Integrada"]
[Site "Medellin"]
[Date "2015.04.29"]
[Round "4.7"]
[White "Mesa Baez, Samuel"]
[Black "Chisco, Juan Esteban"]
[Result "1/2-1/2"]
[WhiteElo "1448"]
[BlackElo "1425"]
[PlyCount "58"]
[EventDate "2015.04.28"]
[EventType "swiss"]
[EventRounds "6"]
[EventCountry "COL"]
[SourceTitle "EXT 2024"]
[Source "ChessBase"]
[SourceDate "2023.10.10"]
[SourceVersion "1"]
[SourceVersionDate "2023.10.10"]
[SourceQuality "1"]

1. d4 Nf6 2. Nf3 g6 3. Bf4 Bg7 4. e3 0-0 5. c4 d6 6. Nc3 c6 7. h3 Nbd7 8. Be2 Re8 9. 0-0 Qc7 10. c5 Nf8 11. cxd6 exd6 12. Rc1 a6 13. d5 c5 14. b4 c4 15. a4 Ne4 16. Nxe4 Rxe4 17. Bd3 Re8 18. Rxc4 Qb6 19. a5 Qd8 20. Qd2 Be5 21. Nxe5 dxe5 22. Bg3 Qxd5 23. Rc5 Qd6 24. Rd1 Nd7 25. Rc4 b5 26. Rc2 Bb7 27. e4 Bc6 28. Qc3 Bxe4 29. Rcd2 Qc6 1/2-1/2

[Event "Antioquia Region-ch U16 Integrada"]
[Site "Medellin"]
[Date "2015.04.28"]
[Round "2.5"]
[White "Chisco, Juan Esteban"]
[Black "Salcedo Perez, Pablo Esteban"]
[Result "0-1"]
[WhiteElo "1425"]
[BlackElo "1981"]
[PlyCount "58"]
[EventDate "2015.04.28"]
[EventType "swiss"]
[EventRounds "6"]
[EventCountry "COL"]
[SourceTitle "EXT 2024"]
[Source "ChessBase"]
[SourceDate "2023.10.10"]
[SourceVersion "1"]
[SourceVersionDate "2023.10.10"]
[SourceQuality "1"]

1. e4 c5 2. Nf3 d6 3. g3 Nf6 4. d3 g6 5. Bg2 Bg7 6. 0-0 0-0 7. c3 Nc6 8. Re1 e6 9. Nbd2 Qc7 10. h4 b5 11. d4 cxd4 12. Nxd4 Nxd4 13. cxd4 Bb7 14. Nf1 Rac8 15. Bg5 Qc2 16. Bxf6 Bxf6 17. Re2 Qc7 18. Nh2 Qb6 19. e5 dxe5 20. dxe5 Rfd8 21. Qe1 Bg7 22. Ng4 Bxg2 23. Kxg2 Qd4 24. f4 h5 25. Nf2 Bf8 26. Rd1 Qa4 27. b3 Qa6 28. Red2 Rxd2 29. Rxd2 Bb4 0-1

[Event "Central Region-ch U12"]
[Site "Manizales"]
[Date "2014.05.17"]
[Round "5.8"]
[White "Chisco, Juan Esteban"]
[Black "Ossa, Juan Esteban"]
[Result "1-0"]
[WhiteElo "1466"]
[BlackElo "1341"]
[PlyCount "100"]
[EventDate "2014.05.15"]
[EventType "swiss"]
[EventRounds "6"]
[EventCountry "COL"]
[SourceTitle "EXT 2024"]
[Source "ChessBase"]
[SourceDate "2023.10.10"]
[SourceVersion "1"]
[SourceVersionDate "2023.10.10"]
[SourceQuality "1"]

1. e4 e5 2. Nf3 Nc6 3. Nc3 Nf6 4. Bc4 Bc5 5. 0-0 d6 6. a3 a6 7. b4 Bb6 8. Ng5 0-0 9. Nf3 Be6 10. Nd5 Nxe4 11. Nxb6 cxb6 12. Bxe6 fxe6 13. d4 Rc8 14. c4 exd4 15. Nxd4 d5 16. Nxe6 Qf6 17. Nxf8 Qxa1 18. Qxd5+ Kxf8 19. Qf5+ Qf6 20. Qxc8+ Qd8 21. Qxb7 Qd6 22. Qxb6 Nd4 23. Qxd6+ Nxd6 24. Rd1 Ne2+ 25. Kf1 Nxc4 26. Kxe2 Ke7 27. Rd5 Ke6 28. Rd4 Nd6 29. Bf4 Nb5 30. Rc4 Kd7 31. Bc1 Kd6 32. Rh4 h6 33. Rg4 g5 34. h4 Nc3+ 35. Kf1 Ke6 36. hxg5 hxg5 37. Rxg5 Kf7 38. f4 Nb5 39. f5 Nc7 40. Rg6 Kf8 41. Bh6+ Kf7 42. Rc6 Nd5 43. Rxa6 Ne3+ 44. Kf2 Nxf5 45. b5 Ne7 46. Ra7 Ke6 47. Rxe7+ Kxe7 48. b6 Kd7 49. Be3 Kc6 50. g4 Kb7 1-0

[Event "Central Region-ch U12"]
[Site "Manizales"]
[Date "2014.05.16"]
[Round "2.3"]
[White "Cuartas Ramirez, Santiago"]
[Black "Chisco, Juan Esteban"]
[Result "1-0"]
[WhiteElo "1312"]
[BlackElo "1466"]
[PlyCount "94"]
[EventDate "2014.05.15"]
[EventType "swiss"]
[EventRounds "6"]
[EventCountry "COL"]
[SourceTitle "EXT 2024"]
[Source "ChessBase"]
[SourceDate "2023.10.10"]
[SourceVersion "1"]
[SourceVersionDate "2023.10.10"]
[SourceQuality "1"]

1. Nf3 Nc6 2. c4 e6 3. Nc3 Nf6 4. g3 Be7 5. Bg2 0-0 6. d4 d5 7. cxd5 Nxd5 8. e4 Nb6 9. 0-0 Bb4 10. Be3 Ne7 11. Rc1 c6 12. a3 Bxc3 13. Rxc3 Bd7 14. Qd2 f5 15. exf5 Nxf5 16. Bg5 Qe8 17. Re1 Qg6 18. h4 h6 19. Ne5 Qe8 20. Bf4 Nd5 21. Bxd5 cxd5 22. Kg2 Bc6 23. Rh1 Nd6 24. Rf3 Ba4 25. h5 Kh7 26. Qe3 Nf5 27. Qd2 Rc8 28. g4 Nd6 29. g5 Nf5 30. gxh6 Nxh6 31. Qd3+ Kg8 32. Bxh6 Rxf3 33. Qxf3 gxh6 34. Qg4+ Kh7 35. Rg1 Qg8 36. Qg6+ Qxg6+ 37. hxg6+ Kg7 38. Kh2 Rc2 39. Nd3 Bb5 40. Nc5 Rxf2+ 41. Kh1 Rf6 42. Nxb7 Rxg6 43. Re1 Bd3 44. Nc5 Bf5 45. b4 Kf7 46. a4 Rg4 47. a5 Rxd4 1-0